000 01538nam a2200277Ia 4500
999 _c38127
_d38127
001 4115
003 GE_BSU
005 20190919114116.0
008 181216s1987||||ge |||||||||||||| ||geo||
010 _aტ.lV.ნ.ll
040 _cGE_BSU
041 _ageo
080 _a39(479.22)+63(479.22) მ-36
245 _aმასალები საქართველოს შინამრეწველობისა და წვრილი ხელოსნობის ისტორიისათვის : 5 ტომად :
_bტ. 4. ნაწ. 2. სოფლის მეურნეობის დარგები /
245 _cი. ჯავახიშვილის საერთო რედ.
260 _aთბილისი
260 _bმეცნიერება
260 _c1987
300 _a310 გვ. ;
_b26 სმ.
501 _aსაძიებლები: გვ. 247-295.
653 _aსაქართველოს შინამრეწველობა
653 _aწვრილი ხელოსნობა საქართველოში
653 _aსაქართველოს სოფლის მეურნეობა
710 _a ი. ჯავახიშვილის საერთო რედ. ; საქ. სსრ მეცნ. აკად., ივ. ჯავახიშვილის სახ. ისტორიის, არქეოლ. და ეთნოგრ. ინ-ტი.
_94112
942 _cBK
_2udc